[Event "VI Open Settembre Vomero"]
[Site "Napoli ITA"]
[Date "2009.09.24"]
[Round "3"]
[White "Esposito, Pino"]
[Black "Solombrino, Giovanni"]
[Result "1-0"]
[WhiteElo "1815"]
[BlackElo "1918"]
[PlyCount "77"]
[EventDate "2009.09.10"]

1. d4 Nf6 2. c4 g6 3. Nc3 d5 4. e3 Bg7 5. Nf3 O-O 6. Be2 c5 7. dxc5 Qa5 8. O-O
dxc4 9. Bxc4 Qxc5 10. Bb3 Nc6 11. Qe2 Bg4 12. h3 Bd7 13. e4 Na5 14. Be3 Qc7 15.
Rfc1 Nc6 16. a3 Qa5 17. Rd1 Rad8 18. Rac1 Bc8 19. Bf4 e5 20. Bg5 Nd4 21. Nxd4
Rxd4 22. Bxf6 Rxd1+ 23. Qxd1 Bxf6 24. Nd5 Qa6 25. Rc7 Qd6 26. Qc1 Be6 27. Nxf6+
Kg7 28. Bxe6 Qxe6 29. Nd5 Rd8 30. Rxb7 Rc8 31. Rc7 Rd8 32. Rxa7 h6 33. Rc7 g5
34. b4 g4 35. Kh2 gxh3 36. gxh3 Kh7 37. Qd1 Rg8 38. Qf3 Rg7 39. Qf5+ 1-0

[Event "VI Open Settembre Vomero"]
[Site "Napoli ITA"]
[Date "2009.09.24"]
[Round "3"]
[White "Esposito, Rosario"]
[Black "Angelotti, Mario"]
[Result "1/2-1/2"]
[WhiteElo "1858"]
[BlackElo "1428"]
[PlyCount "78"]
[EventDate "2009.09.10"]

1. d4 Nf6 2. c4 c5 3. d5 b5 4. cxb5 a6 5. f3 axb5 6. e4 d6 7. Bxb5+ Nbd7 8. Nc3
g6 9. Nge2 Bg7 10. O-O O-O 11. Qc2 Qc7 12. b3 Ba6 13. Bb2 Rfb8 14. a4 Qb6 15.
Kh1 Rc8 16. Bxa6 Rxa6 17. Nb5 Ne8 18. Bxg7 Kxg7 19. Ned4 Nc7 20. Nc6 Nxb5 21.
axb5 Rxa1 22. Rxa1 Ne5 23. Nxe5 dxe5 24. Qc4 Rb8 25. b4 Qxb5 26. Qxb5 Rxb5 27.
bxc5 Rxc5 28. Kg1 f5 29. Ra7 Kf6 30. Ra6+ Kf7 31. Re6 fxe4 32. fxe4 Rc1+ 33.
Kf2 Rc2+ 34. Kg3 Rc3+ 35. Kh4 h6 36. g3 Rc2 37. Kh3 Rd2 38. Rxe5 Kf6 39. Re6+
Kf7 1/2-1/2

[Event "VI Open Settembre Vomero"]
[Site "Napoli ITA"]
[Date "2009.09.24"]
[Round "3"]
[White "Miccoli, Livio"]
[Black "Messina, Enrico"]
[Result "0-1"]
[WhiteElo "1622"]
[BlackElo "2119"]
[PlyCount "65"]
[EventDate "2009.09.10"]

1. e4 c5 2. Nc3 Nc6 3. g3 g6 4. Bg2 Bg7 5. Nge2 e6 6. d3 Nge7 7. O-O O-O 8. Be3
Nd4 9. Qd2 d5 10. Rab1 b6 11. f4 Nxe2+ 12. Nxe2 dxe4 13. Bxe4 Rb8 14. Rfd1 Rb7
15. Nc3 Rd7 16. Qg2 Qc7 17. Nb5 Qb8 18. Na3 Rfd8 19. Nc4 Ba6 20. Nd2 Nf5 21.
Bf2 c4 22. c3 cxd3 23. Qf3 Ne7 24. Qg2 Qc7 25. c4 Nf5 26. b3 h5 27. Rbc1 Nd4
28. Bxd4 Bxd4+ 29. Kf1 h4 30. Bxd3 Bc3 31. Be4 Rxd2 32. Rxd2 Rxd2 33. Qf3 0-1

[Event "VI Open Settembre Vomero"]
[Site "Napoli ITA"]
[Date "2009.10.08"]
[Round "4"]
[White "Angelotti, Mario"]
[Black "De Meo, Guido"]
[Result "0-1"]
[WhiteElo "1428"]
[BlackElo "1911"]
[PlyCount "72"]
[EventDate "2009.09.10"]

1. e4 c5 2. Nf3 d6 3. d4 cxd4 4. Nxd4 Nf6 5. Nc3 a6 6. Be3 Ng4 7. Qd2 Nd7 8. h3
Nxe3 9. Qxe3 g6 10. f4 Bg7 11. O-O-O Qb6 12. Nd5 Qd8 13. f5 O-O 14. Bc4 Nb6 15.
Bb3 Nxd5 16. Bxd5 Qb6 17. Qb3 Qa7 18. Nf3 gxf5 19. exf5 Bxf5 20. Ng5 Bg6 21.
Rhf1 e6 22. Bxe6 fxe6 23. Qxe6+ Kh8 24. Nf7+ Bxf7 25. Rxf7 Rxf7 26. Qxf7 Rf8
27. Qe7 Qb8 28. Kb1 Be5 29. g4 b5 30. a3 Qd8 31. Qb7 Qc8 32. Qe7 Rf2 33. c3 Qg8
34. Re1 Bxc3 35. Qd7 Bxe1 36. Qxd6 Qg6+ 0-1

[Event "VI Open Settembre Vomero"]
[Site "Napoli ITA"]
[Date "2009.10.08"]
[Round "4"]
[White "Della Corte, Alessandro"]
[Black "Longobardi, Giuseppe"]
[Result "1-0"]
[WhiteElo "2210"]
[BlackElo "1985"]
[PlyCount "57"]
[EventDate "2009.09.10"]

1. d4 d5 2. c4 e6 3. Nc3 Nf6 4. Bg5 Be7 5. e3 c6 6. Nf3 O-O 7. Qc2 Nbd7 8.
O-O-O b6 9. Bd3 Bb7 10. Kb1 c5 11. cxd5 exd5 12. g4 c4 13. Bf5 g6 14. Bxd7 Nxd7
15. Bxe7 Qxe7 16. h4 Nf6 17. Ne5 Nd7 18. Nf3 Nf6 19. h5 Ne4 20. Ne5 Nxc3+ 21.
bxc3 g5 22. f4 b5 23. fxg5 Qxg5 24. Rhf1 Bc8 25. Nxf7 Qxe3 26. Rde1 Qd3 27.
Nh6+ Kg7 28. Re7+ Kxh6 29. Rxf8 1-0

[Event "VI Open Settembre Vomero"]
[Site "Napoli ITA"]
[Date "2009.10.08"]
[Round "4"]
[White "Ficco, Corrado"]
[Black "De Rosa, Francesco"]
[Result "1-0"]
[WhiteElo "2171"]
[BlackElo "1973"]
[PlyCount "77"]
[EventDate "2009.09.10"]

1. e4 c5 2. Nf3 Nc6 3. d4 cxd4 4. Nxd4 g6 5. c4 Bg7 6. Be3 Nf6 7. Nc3 Ng4 8.
Qxg4 Nxd4 9. Qd1 Ne6 10. Qd2 Qa5 11. Rc1 g5 12. Be2 d6 13. h4 h6 14. hxg5 hxg5
15. Rxh8+ Bxh8 16. b3 Bxc3 17. Qxc3 Qxc3+ 18. Rxc3 b6 19. Bg4 Nc5 20. Bxc5 bxc5
21. Rh3 e6 22. Rh5 Bb7 23. f3 Ke7 24. Rxg5 Kf6 25. Rh5 Rg8 26. Bh3 a5 27. Kd2
a4 28. Kc3 axb3 29. axb3 Bc6 30. b4 cxb4+ 31. Kxb4 Ra8 32. Ra5 Rb8+ 33. Kc3 Rc8
34. Kd4 Bb7 35. Ra7 Bc6 36. Ra6 Rc7 37. f4 e5+ 38. fxe5+ dxe5+ 39. Kc5 1-0

[Event "VI Open Settembre Vomero"]
[Site "Napoli ITA"]
[Date "2009.10.08"]
[Round "4"]
[White "Gallina, Giacomo"]
[Black "Miccoli, Livio"]
[Result "1-0"]
[WhiteElo "1810"]
[BlackElo "1622"]
[PlyCount "100"]
[EventDate "2009.09.10"]

1. e4 e6 2. Nc3 d5 3. Nf3 Nf6 4. e5 Nfd7 5. Bb5 a6 6. Ba4 c5 7. a3 b5 8. Bb3 c4
9. Ba2 Nc6 10. d4 cxd3 11. Qxd3 Ndxe5 12. Nxe5 Nxe5 13. Qg3 Ng6 14. O-O Bd6 15.
f4 O-O 16. Ne2 Bb7 17. b4 Rc8 18. Bb3 Nh4 19. Nd4 Qf6 20. Bb2 Qh6 21. Rae1 Ng6
22. Bc1 Ne7 23. Qg4 Qg6 24. Qd1 Nf5 25. Rf3 Nxd4 26. Qxd4 Qf6 27. Qb6 Qe7 28.
Bb2 Qc7 29. Qd4 f6 30. Rxe6 Kh8 31. Rc3 Qd8 32. Rh3 Re8 33. Qd3 h6 34. f5 Rc7
35. Bd4 Rf7 36. Rhe3 Rxe6 37. Rxe6 Re7 38. Qe3 Kh7 39. Bb6 Rxe6 40. fxe6 Qe7
41. Qd3+ Kh8 42. Bxd5 Kg8 43. c4 bxc4 44. Qxc4 Qe8 45. Bxb7 Kf8 46. Bc5 Qb8 47.
Bxd6+ Qxd6 48. Qc8+ Ke7 49. Qd7+ Qxd7 50. exd7 Kxd7 1-0

[Event "VI Open Settembre Vomero"]
[Site "Napoli ITA"]
[Date "2009.10.08"]
[Round "4"]
[White "Gallo, Thomas Renato"]
[Black "D'Orta, Antonio"]
[Result "0-1"]
[WhiteElo "1884"]
[BlackElo "1920"]
[PlyCount "115"]
[EventDate "2009.09.10"]

1. e4 Nc6 2. Nf3 g6 3. d4 Bg7 4. Be3 Nh6 5. c3 Ng4 6. Bf4 e5 7. Bg5 f6 8. Bh4
d5 9. dxe5 dxe4 10. Qxd8+ Nxd8 11. exf6 Nxf6 12. Nd4 Ne6 13. Bb5+ c6 14. Nxe6
Bxe6 15. Be2 O-O 16. Nd2 e3 17. Nf3 exf2+ 18. Bxf2 Rae8 19. O-O Bd5 20. Bd1 Ng4
21. Bc5 Rf7 22. Bb3 Bxb3 23. axb3 b6 24. Bd4 c5 25. Bxg7 Kxg7 26. h3 Ne3 27.
Rf2 Nf5 28. Nd2 Rfe7 29. Kh2 Nd6 30. Rf3 a5 31. b4 axb4 32. cxb4 Re2 33. Rd3
Nf7 34. bxc5 bxc5 35. Nc4 Rc2 36. b3 Ree2 37. Rg3 Ra2 38. Rb1 Nh6 39. Rf1 Rf2
40. Rxf2 Rxf2 41. Rd3 Nf5 42. Rd5 Nd4 43. Kg3 Rf5 44. Rd7+ Kf6 45. Rb7 h5 46.
Rb6+ Kg5 47. Nd6 h4+ 48. Kh2 Rd5 49. Ne4+ Kf4 50. Nf6 Rd8 51. Ng4 Nf5 52. Re6
Rd3 53. Rc6 Rxb3 54. Rxc5 Rb1 55. Rc4+ Kg5 56. Rc5 Re1 57. Rd5 Kf4 58. Rd4+ 0-1

[Event "VI Open Settembre Vomero"]
[Site "Napoli ITA"]
[Date "2009.10.08"]
[Round "4"]
[White "Messina, Enrico"]
[Black "Capozzoli, Silvio"]
[Result "1-0"]
[WhiteElo "2119"]
[BlackElo "1951"]
[PlyCount "80"]
[EventDate "2009.09.10"]

1. e4 c5 2. Nf3 Nc6 3. d4 cxd4 4. Nxd4 Nf6 5. Nc3 g6 6. Nxc6 bxc6 7. e5 Nd5 8.
Nxd5 cxd5 9. Qxd5 Rb8 10. e6 Bg7 11. exf7+ Kf8 12. Bh6 Qc7 13. Bxg7+ Kxg7 14.
O-O-O Rf8 15. Qd4+ e5 16. Qd6 Qxd6 17. Rxd6 Kxf7 18. f3 Ke7 19. Rd2 d6 20. Bc4
Rf4 21. b3 Be6 22. Bxe6 Kxe6 23. Rhd1 Rd8 24. c4 Rf7 25. Rd5 Rc7 26. Kb2 Rc6
27. c5 h5 28. b4 a6 29. Kc3 Rd7 30. Rxd6+ Rdxd6 31. Rxd6+ Rxd6 32. cxd6 Kxd6
33. Kc4 g5 34. a4 g4 35. fxg4 hxg4 36. b5 axb5+ 37. axb5 g3 38. hxg3 e4 39. Kd4
e3 40. Kxe3 Kc5 1-0

[Event "VI Open Settembre Vomero"]
[Site "Napoli ITA"]
[Date "2009.10.08"]
[Round "4"]
[White "Rosato, Luciano"]
[Black "De Rosa, Mariagrazia"]
[Result "1-0"]
[WhiteElo "2275"]
[BlackElo "2101"]
[PlyCount "135"]
[EventDate "2009.09.10"]

1. d4 d5 2. Nf3 Nf6 3. e3 e6 4. Bd3 a6 5. O-O c5 6. c3 Nc6 7. Nbd2 Bd6 8. Qe2
O-O 9. dxc5 Bxc5 10. e4 e5 11. exd5 Nxd5 12. Nb3 Bd6 13. Rd1 Nf6 14. Bg5 h6 15.
Bxf6 Qxf6 16. Nbd2 Bc7 17. Be4 Re8 18. Nf1 Bf5 19. Bxf5 Qxf5 20. Ne3 Qe6 21.
Nd5 Bd6 22. Ne3 Rad8 23. Qc4 Qxc4 24. Nxc4 Bc7 25. Rxd8 Rxd8 26. Re1 b5 27.
Ncd2 f5 28. Nf1 Kf7 29. Re2 e4 30. N3d2 Ne5 31. Nb3 Bb6 32. g3 Rd1 33. Kg2 Nc4
34. g4 g6 35. gxf5 gxf5 36. Nbd2 Nxb2 37. Nxe4 Nc4 38. Ned2 Rc1 39. Nxc4 bxc4
40. Ne3 Bxe3 41. Rxe3 Rc2 42. Re5 Kf6 43. Ra5 Rxc3 44. Rxa6+ Ke5 45. Rxh6 Ra3
46. Rc6 Kd5 47. Rc8 Rxa2 48. h4 Kd4 49. Rd8+ Ke4 50. Rc8 Kd3 51. Kf3 c3 52.
Rd8+ Kc2 53. h5 Kb2 54. h6 Ra7 55. Rb8+ Kc2 56. Rc8 Kb2 57. Rb8+ Ka2 58. Ke2
Rd7 59. Rc8 Kb1 60. Rxc3 Kb2 61. Rc6 Ka3 62. Kf3 Kb4 63. Kf4 Rf7 64. Kg5 Kb5
65. Rf6 Rd7 66. Kg6 Rd1 67. Rxf5+ Kc6 68. h7 1-0

[Event "VI Open Settembre Vomero"]
[Site "Napoli ITA"]
[Date "2009.10.08"]
[Round "4"]
[White "Solombrino, Giovanni"]
[Black "Colli, Roberto"]
[Result "1-0"]
[WhiteElo "1918"]
[BlackElo "1467"]
[PlyCount "29"]
[EventDate "2009.09.10"]

1. e4 c5 2. Nf3 d6 3. d4 cxd4 4. Nxd4 Nc6 5. Nc3 a6 6. Be3 e6 7. Qd2 Nf6 8. f3
Be7 9. O-O-O O-O 10. g4 Qc7 11. g5 Nd7 12. h4 g6 13. h5 Qd8 14. hxg6 Nxd4 15.
Qh2 1-0

[Event "VI Open Settembre Vomero"]
[Site "Napoli ITA"]
[Date "2009.10.15"]
[Round "5"]
[White "Caporali, Dante"]
[Black "Angelotti, Mario"]
[Result "1-0"]
[WhiteElo "1571"]
[BlackElo "1428"]
[PlyCount "119"]
[EventDate "2009.09.10"]

1. d4 Nf6 2. c4 c5 3. d5 b5 4. cxb5 a6 5. bxa6 Bxa6 6. Nc3 d6 7. g3 g6 8. Bg2
Bg7 9. Nf3 Nbd7 10. O-O Nb6 11. Re1 O-O 12. e4 Nfd7 13. Qc2 Qc7 14. b3 Rfb8 15.
Bb2 Ne5 16. Nxe5 Bxe5 17. Rab1 Nd7 18. a3 Bg7 19. Bf1 Ne5 20. Kg2 Qb6 21. Bxa6
Rxa6 22. Bc1 Qc7 23. a4 Qa5 24. Bd2 Qc7 25. f4 Nd7 26. Nb5 Qb7 27. Bc3 Nf6 28.
h3 Ne8 29. Bxg7 Kxg7 30. Kf3 Qd7 31. g4 h5 32. Qg2 Nf6 33. gxh5 Nxh5 34. Rg1 e6
35. Qg4 Nf6 36. dxe6 Qe7 37. Qg2 Qxe6 38. Rge1 Rh8 39. f5 Qe5 40. fxg6 fxg6 41.
Qg3 Qh5+ 42. Kf2 Qe5 43. Qxe5 dxe5 44. Nc7 Rc6 45. Nd5 Rd6 46. Rbd1 Rhd8 47.
Nc3 Rd2+ 48. Rxd2 Rxd2+ 49. Re2 Rd3 50. Rc2 Nh5 51. a5 Nf4 52. Kf1 Rxh3 53. Ke1
Rh1+ 54. Kd2 Rh2+ 55. Kc1 Nd3+ 56. Kd1 Rxc2 57. Kxc2 Nb4+ 58. Kd2 Kh6 59. Nd5
Kh5 60. Nxb4 1-0

[Event "VI Open Settembre Vomero"]
[Site "Napoli ITA"]
[Date "2009.10.15"]
[Round "5"]
[White "Colli, Roberto"]
[Black "Khosravani, Afshin"]
[Result "0-1"]
[WhiteElo "1467"]
[BlackElo "1446"]
[PlyCount "60"]
[EventDate "2009.09.10"]

1. d4 f5 2. c4 Nf6 3. Nf3 e6 4. g3 Nc6 5. Bg2 Rb8 6. O-O b6 7. Nbd2 Bb7 8. b3
Bb4 9. Bb2 O-O 10. a3 Be7 11. Qc2 Qe8 12. Ne5 Nxe5 13. dxe5 Ng4 14. h3 Bxg2 15.
Kxg2 Nh6 16. f4 Qg6 17. e4 Rbd8 18. b4 Bh4 19. Rf3 fxe4 20. Qxe4 Nf5 21. g4 d5
22. exd6 Rxd6 23. Nf1 Bf6 24. Qe2 Nh4+ 25. Kg3 Nxf3 26. Kxf3 Rd3+ 27. Kg2 Bxb2
28. Qxb2 Rxf4 29. Qe5 Rdf3 30. Qxc7 Qc2+ 0-1

[Event "VI Open Settembre Vomero"]
[Site "Napoli ITA"]
[Date "2009.10.15"]
[Round "5"]
[White "D'Orta, Antonio"]
[Black "Capaldo, Salvatore"]
[Result "1-0"]
[WhiteElo "1920"]
[BlackElo "1696"]
[PlyCount "101"]
[EventDate "2009.09.10"]

1. e4 e5 2. Nf3 Nc6 3. Bb5 d6 4. c3 Nf6 5. d3 Bg4 6. h3 Bh5 7. Bg5 Be7 8. Nbd2
h6 9. Be3 a6 10. Bxc6+ bxc6 11. Qa4 Qd7 12. g4 Bg6 13. Nh4 Bh7 14. Nf5 Bxf5 15.
gxf5 d5 16. O-O-O c5 17. Qxd7+ Kxd7 18. f3 c6 19. Nb3 d4 20. Bd2 Rhb8 21. Na5
Rb5 22. Nc4 Bd6 23. f4 Bc7 24. fxe5 Nh5 25. Rhg1 Rab8 26. Kc2 Ke8 27. b3 a5 28.
Rb1 Kf8 29. cxd4 cxd4 30. a4 R5b7 31. Bxa5 c5 32. Bd2 Re8 33. f6 Bxe5 34. fxg7+
Kg8 35. Bxh6 Re6 36. Bg5 Bxg7 37. Bd2 Kh7 38. Rg5 Nf6 39. Rxc5 Bh6 40. Rg1 Bxd2
41. Nxd2 Rb8 42. Nf3 Re7 43. Nxd4 Rg8 44. Rxg8 Kxg8 45. Nf5 Rd7 46. a5 Kh7 47.
b4 Kg6 48. a6 Kg5 49. b5 Kf4 50. b6 Kf3 51. b7 1-0

[Event "VI Open Settembre Vomero"]
[Site "Napoli ITA"]
[Date "2009.10.15"]
[Round "5"]
[White "De Meo, Guido"]
[Black "Borrelli, Salvatore"]
[Result "1/2-1/2"]
[WhiteElo "1911"]
[BlackElo "1945"]
[PlyCount "74"]
[EventDate "2009.09.10"]

1. d4 d5 2. Nf3 Nf6 3. g3 Bf5 4. Bg2 e6 5. O-O Bd6 6. Nh4 Bg4 7. Bg5 Nbd7 8. h3
Bh5 9. g4 h6 10. Bxf6 Qxf6 11. Nf3 Bg6 12. Nbd2 O-O 13. c4 c6 14. Rc1 e5 15.
dxe5 Nxe5 16. cxd5 Nxf3+ 17. Nxf3 Be4 18. Qd4 Qxd4 19. Nxd4 Bxg2 20. Kxg2 cxd5
21. Rfd1 Be5 22. b3 Rac8 23. Rxc8 Rxc8 24. Nf5 Bf6 25. Rxd5 Rc2 26. Ra5 Rxe2
27. Rxa7 g6 28. Kf3 Rb2 29. Ne3 Bh4 30. Nd1 Rd2 31. Ne3 Rxf2+ 32. Ke4 Rd2 33.
a4 Bf2 34. Kf3 Bg1 35. Rxb7 Rd3 36. Re7 Rxb3 37. Ke2 Ra3 1/2-1/2

[Event "VI Open Settembre Vomero"]
[Site "Napoli ITA"]
[Date "2009.10.15"]
[Round "5"]
[White "De Rosa, Francesco"]
[Black "Della Corte, Alessandro"]
[Result "0-1"]
[WhiteElo "1973"]
[BlackElo "2210"]
[PlyCount "88"]
[EventDate "2009.09.10"]

1. e4 c5 2. c3 Nf6 3. e5 Nd5 4. Bc4 Qc7 5. Nf3 Nb6 6. Bb3 c4 7. Bc2 Nc6 8. Qe2
g5 9. h3 Bg7 10. Nxg5 Qxe5 11. d4 cxd3 12. Bxd3 Qxe2+ 13. Bxe2 d5 14. Na3 Bf5
15. Be3 O-O 16. Rd1 Rfd8 17. Nb5 Na4 18. Rd2 e6 19. O-O a6 20. Nd4 Nxd4 21.
cxd4 Rac8 22. Nf3 Bf8 23. Bd1 Nb6 24. Nh4 Nc4 25. Nxf5 Nxd2 26. Bxd2 exf5 27.
Bb3 Bg7 28. Bc3 b5 29. Rd1 Bf6 30. Ba5 Rd7 31. Bb6 Rc6 32. Bc5 Be7 33. Bxe7
Rxe7 34. Bxd5 Rc2 35. b4 Ree2 36. Rd3 Red2 37. Rg3+ Kf8 38. Rf3 Rxd4 39. Rxf5
Rc7 40. Bb3 Rxb4 41. Rf3 a5 42. a3 Rd4 43. Kf1 a4 44. Be6 Re7 0-1

[Event "VI Open Settembre Vomero"]
[Site "Napoli ITA"]
[Date "2009.10.15"]
[Round "5"]
[White "De Rosa, Mariagrazia"]
[Black "Ficco, Corrado"]
[Result "1/2-1/2"]
[WhiteElo "2101"]
[BlackElo "2171"]
[PlyCount "66"]
[EventDate "2009.09.10"]

1. e4 e6 2. d4 d5 3. e5 c5 4. c3 Nc6 5. Nf3 Qb6 6. a3 f6 7. b4 fxe5 8. Nxe5
Nxe5 9. dxe5 Bd7 10. Bd3 O-O-O 11. Qe2 Ne7 12. O-O Kb8 13. a4 cxb4 14. a5 Qc7
15. cxb4 Nc6 16. b5 Nxa5 17. Be3 b6 18. Rc1 Qb7 19. Nd2 Bb4 20. Rcb1 Bc3 21.
Ra3 Rc8 22. Nf3 h6 23. h4 Rhf8 24. h5 Ka8 25. g3 Be8 26. Nd4 Bxd4 27. Bxd4 Nc4
28. Ra4 Rc7 29. Bxc4 Rxc4 30. Rxc4 dxc4 31. Qxc4 Bd7 32. Ra1 Rc8 33. Qa4 Kb8
1/2-1/2

[Event "VI Open Settembre Vomero"]
[Site "Napoli ITA"]
[Date "2009.10.15"]
[Round "5"]
[White "Esposito, Pino"]
[Black "Caiazzo, Diego"]
[Result "1/2-1/2"]
[WhiteElo "1815"]
[BlackElo "1883"]
[PlyCount "124"]
[EventDate "2009.09.10"]

1. d4 d5 2. c4 e6 3. Nc3 Nf6 4. Bg5 Be7 5. Nf3 O-O 6. e3 Nbd7 7. Bd3 dxc4 8.
Bxc4 c5 9. O-O cxd4 10. exd4 Nb6 11. Bb3 Nbd5 12. Rc1 h6 13. Bh4 Nxc3 14. bxc3
Bd7 15. Ne5 Bb5 16. Re1 Nd7 17. Bg3 Nxe5 18. Bxe5 Bf6 19. c4 Bxe5 20. Rxe5 Ba6
21. d5 Qf6 22. Re3 exd5 23. cxd5 Rac8 24. h3 Qd6 25. Rec3 Rxc3 26. Rxc3 g6 27.
Qc1 Kg7 28. Rc7 Re8 29. Qc3+ Kg8 30. Qg3 Qxg3 31. fxg3 Rd8 32. Kf2 Rd6 33. Ke3
Kg7 34. Kd4 Rf6 35. Ke5 Rb6 36. d6 Rb5+ 37. Kd4 Rf5 38. d7 Rf2 39. Ke3 Re2+ 40.
Kd4 Rd2+ 41. Kc3 Rd3+ 42. Kc2 Kf6 43. Ba4 Ke7 44. Rc8 Rxd7 45. Bxd7 Kxd7 46.
Ra8 Bf1 47. Rxa7 Bxg2 48. h4 h5 49. Kc3 Kd6 50. Kd4 Bd5 51. Ra8 Bc6 52. Rd8+
Ke7 53. Ra8 Kd6 54. Ra3 Bd5 55. Ra5 Bc6 56. Re5 Bf3 57. Re3 Bd5 58. a3 Bc6 59.
Rc3 Bd5 60. Rc8 Bc6 61. Rf8 Ke7 62. Rc8 Kd6 1/2-1/2

[Event "VI Open Settembre Vomero"]
[Site "Napoli ITA"]
[Date "2009.10.15"]
[Round "5"]
[White "Esposito, Rosario"]
[Black "Donadio, Andrea"]
[Result "0-1"]
[WhiteElo "1858"]
[BlackElo "1637"]
[PlyCount "118"]
[EventDate "2009.09.10"]

1. d4 Nf6 2. c4 e6 3. Nc3 Bb4 4. e3 b6 5. Bd3 Bxc3+ 6. bxc3 Nc6 7. e4 Ba6 8. e5
Ng8 9. Nf3 Na5 10. Qe2 Qc8 11. Ba3 Ne7 12. Bxe7 Kxe7 13. O-O Qb7 14. Nd2 Qc6
15. Be4 Bxc4 16. Nxc4 Qxc4 17. Qxc4 Nxc4 18. Bxa8 Rxa8 19. f4 g6 20. Kf2 h5 21.
Ke2 d5 22. exd6+ cxd6 23. Rfb1 Kf6 24. Kd3 d5 25. g3 Kf5 26. Rb4 Rc8 27. Rab1
Kg4 28. Re1 a5 29. Rbb1 Kh3 30. Re2 Rh8 31. Rg1 Kg4 32. Ree1 a4 33. Rb1 a3 34.
Rh1 Rc8 35. Rb3 Kh3 36. Rhb1 Kxh2 37. Rxb6 Kxg3 38. Rb7 Nd6 39. R7b3 Ra8 40.
Rf1 h4 41. Rbb1 h3 42. Rg1+ Kh4 43. Rh1 Nf5 44. Rh2 Ng3 45. Rb7 Rf8 46. Rb1 Nh5
47. Ke3 Kg3 48. Rf2 Kh4 49. Rg1 Ng3 50. Kf3 Rc8 51. Rc2 Nf5 52. Rgc1 f6 53. Ke2
g5 54. fxg5 fxg5 55. Kd3 g4 56. c4 g3 57. c5 h2 58. Rf1 Kh3 59. Kc3 Ne3 0-1

[Event "VI Open Settembre Vomero"]
[Site "Napoli ITA"]
[Date "2009.10.15"]
[Round "5"]
[White "Longobardi, Giuseppe"]
[Black "Gallina, Giacomo"]
[Result "1-0"]
[WhiteElo "1985"]
[BlackElo "1810"]
[PlyCount "85"]
[EventDate "2009.09.10"]

1. d4 Nf6 2. c4 c6 3. Nc3 e6 4. e4 Bb4 5. e5 Ne4 6. Qc2 Nxc3 7. bxc3 Ba5 8. Ba3
f6 9. exf6 Qxf6 10. Nf3 d5 11. Bd3 g6 12. O-O Kf7 13. Ne5+ Kg7 14. Rab1 Bc7 15.
f4 a6 16. g4 b5 17. g5 Qd8 18. Bxg6 Bxe5 19. fxe5 Qxg5+ 20. Kh1 hxg6 21. Rf6
Qg4 22. Rg1 Qe4+ 23. Qxe4 dxe4 24. Rgxg6+ Kh7 25. Rh6+ Kg7 26. Rfg6+ Kf7 27.
Rxh8 Kxg6 28. Rxc8 Ra7 29. Rxb8 Rf7 30. Rg8+ Kh5 31. Kg2 e3 32. Bc1 Rf2+ 33.
Kg3 Re2 34. Kf3 Rc2 35. Bxe3 Rxc3 36. cxb5 axb5 37. Ke4 Rc2 38. Re8 Rxa2 39.
Rxe6 b4 40. Rxc6 b3 41. Rb6 b2 42. d5 Ra4+ 43. Bd4 1-0

[Event "VI Open Settembre Vomero"]
[Site "Napoli ITA"]
[Date "2009.10.15"]
[Round "5"]
[White "Messina, Enrico"]
[Black "Rosato, Luciano"]
[Result "1-0"]
[WhiteElo "2119"]
[BlackElo "2275"]
[PlyCount "63"]
[EventDate "2009.09.10"]

1. e4 d6 2. d4 Nf6 3. Nc3 e5 4. Nf3 Nbd7 5. Bc4 Be7 6. g4 Nb6 7. Bb3 Nxg4 8.
Rg1 exd4 9. Nxd4 Bf6 10. a4 a5 11. Ndb5 h5 12. Bf4 Ne5 13. Rg3 Bg4 14. f3 Bd7
15. Qe2 Bxb5 16. Nxb5 Bh4 17. O-O-O Bxg3 18. Bxg3 Qe7 19. Qe3 h4 20. Bf2 O-O
21. Rg1 Qf6 22. Nxc7 Nec4 23. Qd4 Qxd4 24. Bxd4 Rac8 25. Rxg7+ Kh8 26. Rxf7+
Kg8 27. Rg7+ Kh8 28. Ne6 Rfe8 29. Rxb7+ Kg8 30. Rg7+ Kh8 31. Rb7+ Kg8 32. Nf4
1-0

[Event "VI Open Settembre Vomero"]
[Site "Napoli ITA"]
[Date "2009.10.15"]
[Round "5"]
[White "Miccoli, Livio"]
[Black "Solombrino, Giovanni"]
[Result "0-1"]
[WhiteElo "1622"]
[BlackElo "1918"]
[PlyCount "42"]
[EventDate "2009.09.10"]

1. e4 c5 2. Nc3 Nc6 3. Nge2 g6 4. g3 Bg7 5. Bg2 Nf6 6. d3 O-O 7. O-O d6 8. Be3
Rb8 9. h3 b6 10. Qd2 Bb7 11. f4 e6 12. Rf2 d5 13. d4 Nxe4 14. Nxe4 dxe4 15.
dxc5 Qxd2 16. Bxd2 Nd4 17. cxb6 axb6 18. c3 Nc2 19. Rd1 e3 20. Bxe3 Nxe3 21.
Bxb7 Nxd1 0-1

[Event "VI Open Settembre Vomero"]
[Site "Napoli ITA"]
[Date "2009.10.22"]
[Round "6"]
[White "Angelotti, Mario"]
[Black "Piscopia, Carmela"]
[Result "1/2-1/2"]
[WhiteElo "1428"]
[BlackElo "1430"]
[PlyCount "107"]
[EventDate "2009.09.10"]

1. e4 c5 2. Nf3 g6 3. d4 cxd4 4. Qxd4 Nf6 5. e5 Nc6 6. Qd1 Nxe5 7. Nc3 Nxf3+ 8.
Qxf3 Bg7 9. Bc4 O-O 10. Bf4 d6 11. O-O-O Qc7 12. Bb3 Bg4 13. Qg3 Bxd1 14. Rxd1
Rad8 15. Be3 a6 16. h4 Rd7 17. Nd5 Nxd5 18. Rxd5 e6 19. Rd1 d5 20. Qh3 b5 21.
h5 Qc6 22. hxg6 fxg6 23. Rh1 h5 24. g4 Be5 25. gxh5 Rh7 26. Qg4 Qe8 27. Rg1 Rf6
28. c3 d4 29. cxd4 Qc6+ 30. Bc2 Rc7 31. Qe2 Bh2 32. Rg5 e5 33. dxe5 Qh1+ 34.
Kd2 Qd5+ 35. Qd3 Qxd3+ 36. Bxd3 Re6 37. f4 Rf7 38. hxg6 Rxf4 39. Bc2 Rb4 40.
Bb3 Rc4 41. Bxc4 bxc4 42. Bd4 Bf4+ 43. Be3 Bxg5 44. Bxg5 Rxe5 45. Bf6 Re6 46.
Bd4 Rxg6 47. Kc3 Rc6 48. Kb4 Kf7 49. b3 cxb3 50. axb3 Ke6 51. Ka5 Kd5 52. Bb6
Rc3 53. Kxa6 Rxb3 54. Kb7 1/2-1/2

[Event "VI Open Settembre Vomero"]
[Site "Napoli ITA"]
[Date "2009.10.22"]
[Round "6"]
[White "Borrelli, Salvatore"]
[Black "Donadio, Andrea"]
[Result "1-0"]
[WhiteElo "1945"]
[BlackElo "1637"]
[PlyCount "117"]
[EventDate "2009.09.10"]

1. e4 c5 2. Nf3 g6 3. d4 cxd4 4. Nxd4 Nc6 5. c4 Bg7 6. Be3 Nf6 7. Nc3 O-O 8.
Be2 d6 9. O-O Nxd4 10. Bxd4 Be6 11. Qd2 Qa5 12. Rfd1 Rfc8 13. Nd5 Qxd2 14. Rxd2
Bxd5 15. exd5 Ne4 16. Rdd1 a5 17. Bxg7 Kxg7 18. b3 b6 19. Bf3 Nc5 20. Re1 Ra7
21. Re3 Re8 22. Rae1 e5 23. dxe6 Rxe6 24. Bd5 Rxe3 25. Rxe3 Kf8 26. Kf1 Re7 27.
Ke2 Re5 28. Kd2 f5 29. f4 Rxe3 30. Kxe3 Ke7 31. Kd4 Kf6 32. Bg8 h6 33. Kd5 Kg7
34. Be6 Kf6 35. Bc8 Ke7 36. Kc6 a4 37. b4 Nd3 38. Kb5 a3 39. Ka4 Nxf4 40. Bb7
Kd7 41. Kxa3 g5 42. Kb3 Ne6 43. Kc3 h5 44. Bd5 Nf4 45. Kd2 h4 46. a4 Ng6 47.
Ke3 Ne5 48. Kd4 Ng4 49. h3 Ne5 50. c5 bxc5+ 51. bxc5 Ng6 52. cxd6 Kxd6 53. Bf3
Ne7 54. a5 Nc8 55. Kc4 Na7 56. Kb4 Nc8 57. Kb5 Kc7 58. Kc5 Na7 59. Kd5 1-0

[Event "VI Open Settembre Vomero"]
[Site "Napoli ITA"]
[Date "2009.10.22"]
[Round "6"]
[White "Capaldo, Salvatore"]
[Black "De Rosa, Francesco"]
[Result "0-1"]
[WhiteElo "1696"]
[BlackElo "1973"]
[PlyCount "97"]
[EventDate "2009.09.10"]

1. e4 c5 2. d4 cxd4 3. Qxd4 Nc6 4. Qd1 Nf6 5. Nc3 e6 6. Bg5 Bb4 7. Bd3 h6 8.
Bh4 O-O 9. Nf3 d6 10. O-O a6 11. a3 Bc5 12. Qd2 b5 13. Ne2 Bb7 14. Ng3 Ne5 15.
Nxe5 dxe5 16. Bxf6 Qxf6 17. Qe2 g6 18. Kh1 Rad8 19. f3 h5 20. Qe1 h4 21. Ne2 g5
22. Ng1 Qg6 23. Nh3 Kg7 24. Nf2 Bd4 25. Rb1 f5 26. Qe2 Rd7 27. Nh3 fxe4 28.
fxe4 Rxf1+ 29. Rxf1 g4 30. Nf2 Rf7 31. h3 gxh3 32. Nxh3 Rxf1+ 33. Qxf1 Bxb2 34.
Qe1 Qf6 35. Qe3 Bd4 36. Qg5+ Qxg5 37. Nxg5 Kf6 38. Nf3 Bc5 39. Kh2 Bxa3 40. Kh3
Bc1 41. Kxh4 Bc6 42. g4 Bf4 43. g5+ Kg7 44. Kg4 a5 45. Nh4 a4 46. Nf5+ exf5+
47. exf5 a3 48. Kh5 Be8+ 49. Kg4 0-1